Zdokonaľovanie prieskumu potrieb a zdrojov v ZVL Odbyt Žilina, k.o. s využitím matematických modelov a výpočtovej techniky záverečná práca postgraduálneho štúdia

Salvato in:
Dettagli Bibliografici
Autore principale: Bohovic, Peter
Ente Autore: Vysoká škola ekonomická v Bratislave
Altri autori: Zajko, Marián
Natura: Libro
Lingua:slovacco
Pubblicazione: Bratislava 1989
Tags: Aggiungi Tag
Nessun Tag, puoi essere il primo ad aggiungerne!!

MARC

LEADER 00000nam a2200000 4500
001 c037916
005 20221215072036.2
041 0 |a slo 
044 |a SK 
245 1 0 |a Zdokonaľovanie prieskumu potrieb a zdrojov v ZVL Odbyt Žilina, k.o. s využitím matematických modelov a výpočtovej techniky  |b záverečná práca postgraduálneho štúdia  |c Peter Bohovic ; Ved. práce Marián Zajko 
264 1 |a Bratislava  |c 1989 
300 |a 50 s. 
100 1 |a Bohovic, Peter 
700 1 |a Zajko, Marián 
710 2 |a Vysoká škola ekonomická v Bratislave